000
00195nam a2200085 4500
001
1257479
005
20260213133158.0
245
_a
SUNANIN SERÇELERİ
_c
GÜLTEN DAYIOĞLU
260
_b
ALTIN KİTAPLAR
999
_c
1257479
_d
1257479